Studies in natural language and linguistic theory

Bibliographic Details
Content type: Series
Published: Dordrecht [etc.]: Reidel
Source:MPIPL_cat
_version_ 1863686992269672456
collection_details MPIPL
dedup_id_str MPIPL_cat.PL0000540
dewey-hierarchy 0/[Unassigned]/
dewey-hierarchy_str 0/[Unassigned]/
first_indexed 2024-07-08T10:26:42Z
format 0/Schriftenreihe/
format_str 0/Schriftenreihe/
fullrecord <?xml version="1.0" encoding="UTF-8"?> <collection xmlns:xsi="http://www.w3.org/2001/XMLSchema-instance" xsi:schemaLocation="http://www.loc.gov/MARC21/slim http://www.loc.gov/standards/marcxml/schema/MARC21slim.xsd" xmlns="http://www.loc.gov/MARC21/slim"> <record> <leader>00000nas a2200000 u 4500</leader> <controlfield tag="001">PL0000540</controlfield> <controlfield tag="003">PLI01000000000000000000507</controlfield> <controlfield tag="005">00000000000000.0</controlfield> <controlfield tag="008"> m ||| </controlfield> <datafield tag="245" ind1="0" ind2="0"> <subfield code="a">Studies in natural language and linguistic theory</subfield> </datafield> <datafield tag="260" ind1=" " ind2=" "> <subfield code="a">Dordrecht [etc.]</subfield> <subfield code="b">Reidel</subfield> </datafield> <datafield tag="533" ind1=" " ind2=" "> <subfield code="n">(reproduction note)</subfield> </datafield> <datafield tag="740" ind1="0" ind2="2"> <subfield code="a">SNLT</subfield> </datafield> <datafield tag="740" ind1="0" ind2=" "> <subfield code="a">SNLT</subfield> </datafield> <datafield tag="996" ind1=" " ind2=" "> <subfield code="a">Serie</subfield> </datafield> </record> </collection>
id MPIPL_cat.PL0000540
illustrated Illustrated
institution MPIPL_cat
institution_str MPIPL_cat
is_hierarchy_id MPIPL_cat.PL0000540
is_hierarchy_title Studies in natural language and linguistic theory
language und
language_str und
last_indexed 2026-04-27T23:40:56Z
local_fields Serie
online false
online_MPIPL_cat false
online_str false
publisher Reidel
record_format marc
spelling Studies in natural language and linguistic theory
Dordrecht [etc.]
Reidel
reproduction note
SNLT
spellingShingle Studies in natural language and linguistic theory
title Studies in natural language and linguistic theory
title_alt SNLT
title_full Studies in natural language and linguistic theory
title_fullStr Studies in natural language and linguistic theory
title_full_unstemmed Studies in natural language and linguistic theory
title_search Studies in natural language and linguistic theory
title_short Studies in natural language and linguistic theory
title_sort studies in natural language and linguistic theory